Państwa najczęściej odwiedzane przez Rosjan - Statystyki

Ogólne statystyki
  • Ten quiz został rozwiązany 1 410 razy
  • Średni wynik to 5 z 9
Statystyki odpowiedzi
# Rosyjski cel podróży % Poprawnych
787,200 Chiny
91%
638,100 Niemcy
77%
887,100 Hiszpania
69%
2,700,000 Turcja
66%
605,500 Włochy
63%
1,100,000 Grecja
54%
787,100 Finlandia
49%
1,400,000 Egipt
45%
683,000 Tajlandia
20%
Nie znaleziono quizów pasujących do podanych kryteriów
Rozkład punktacji
Procent ludzi z każdym wynikiem
Percentyl według liczby udzielonych odpowiedzi
Twoja historia wyników
Nie rozwiązałeś tego quizu